Rozvoj jazykových zručností vo výučbe nemeckého jazyka pre špecifické účely

Vyučovanie cudzích jazykov pre povolanie ako bezprostredná jazyková príprava na povolanie aj pre študentov EU v Bratislave. Analýza nových didaktických metód na rozvoj jednotlivých jazykových zručností - hovorenia, čítania, písania a počúvania na príklade vyučovania nemčiny pre povolanie.

Guardado en:
Detalles Bibliográficos
Autor principal: Paté, Magdaléna, 1980-
Formato: Capítulo de libro
Lenguaje:eslovaco
Materias:
Etiquetas: Agregar Etiqueta
Sin Etiquetas, Sea el primero en etiquetar este registro!

MARC

LEADER 00000nla$a2200000$$$4500
001 0243742
005 20241003115555.2
041 0 |a slo 
044 |a SK 
245 1 0 |a Rozvoj jazykových zručností vo výučbe nemeckého jazyka pre špecifické účely  |c Magdaléna Paté 
520 |a Vyučovanie cudzích jazykov pre povolanie ako bezprostredná jazyková príprava na povolanie aj pre študentov EU v Bratislave. Analýza nových didaktických metód na rozvoj jednotlivých jazykových zručností - hovorenia, čítania, písania a počúvania na príklade vyučovania nemčiny pre povolanie. 
610 2 0 |a nemčina 
610 2 0 |a jazyky cudzie 
610 2 0 |a povolanie 
610 2 0 |a didaktika 
100 1 |a Paté, Magdaléna, 1980-